000 00737cam a22002177a 4500
020 _a9780387288703
020 _a0387288708
040 _cDLC
082 _a571 GLI 2006 A006 Or.
100 1 _aGlimn-Lacy, Janice.
245 1 0 _aBotany illustrated :
_bintroduction to plants, major groups, flowering plant families /
250 _a2nd ed.
260 _aNew York, NY :
_bSpringer,
_c2006.
300 _axiv, 146 p. :
_bill. ;
_c28 cm.
650 0 _aBotany.
700 1 _aKaufman, Peter B.
856 4 1 _uhttp://www.loc.gov/catdir/toc/fy0608/2005935289.html
856 4 2 _uhttp://www.loc.gov/catdir/enhancements/fy0663/2005935289-d.html
856 4 2 _uhttp://www.loc.gov/catdir/enhancements/fy0824/2005935289-b.html
942 _cAEDBB
999 _c20774
_d20774